La alquimia /

Guardado en:
Autor Principal: Hutin, Serge
Formato: Libro
Publicado: Argentina : Eudeba, 1968
Edición:2a. ed.
Materias:
Etiquetas: Agregar Etiqueta
Sin Etiquetas, Sea el primero en etiquetar este registro!
LEADER 00743nam a22002175a 4500
001 CEM.cems003338
005 19000101000000.0
008 130507s1968##################000#0#####d
003 CEMS
082 0 4 |a 540.1 
100 1 |a Hutin, Serge 
245 1 0 |a La alquimia /  |c Serge Hutin 
250 |a 2a. ed. 
260 |a Argentina :  |b Eudeba,  |c 1968 
300 |a 127 p. 
505 0 |a Movil primordial del Universo. Siguiendo la pista del calor. La actividad de las moleculas en movimiento. En busca de los confines del arco iris. La electricidad. El mundo fantastico del Doctor Einstein 
653 |a Alquimia 
653 |a Filosofia hermetica 
653 |a Quimica 
653 |a Rosacruces 
859 |a CEMS  |b BIB. CEMS - 11 de abril  |h 540.1  |i H975a2  |p 3459.75  |t Ej.1